Quiz z Wiedźmina 3 - Statystyki

Ogólne statystyki
  • Ten quiz został rozwiązany 276 razy
  • Średni wynik to 4 z 15
Statystyki odpowiedzi
Pytanie Odpowiedź % Poprawnych
Ile Kobiet było w spisie Jaskra, który otrzymał Geralt? 5
87%
Kto powiedział do Geralta: "Jesteś tylko wiedźminem" Ciri
50%
W jakiej wsi mieszkał Hendrik? Wrzosowa
47%
Ile korców ziarna zarekwirował dowódca garnizonu w Białym Sadzie? 30
41%
Kto powiedział: "Zimo tu jak u Lodowatego Giganta w dupie". Lambert
41%
Jak nazywała sie wyspa na południowy wschód od ard Skellig? Faroe
21%
Do kogo należał folwark, w którym skrył się Letho? Dolores
18%
Jaką rzecz Vattiera de Rideaux, posiada Caesar Bilzen? Sztylet
17%
Jak nazywała się właścicielka karczmy w Białym Sadzie? Elza
16%
Kto udzielił schronienia rodzinie Krwawego Barona? Wojciech
15%
Dla kogo szpiegował Jamurlak? Kaleba Menge
12%
Jak nazywa się pierwszy przeciwnik w gwinta w białym sadzie? Aldert Geert
4%
Kto powiedział: "Nadchodzi czas Białego Zimna i Białego Światła..." Ida Emean
4%
Jak nazywał się druid ślubujący milczenie? Egil
2%
Jak nazywał się pierwotny właściciel Dżina? Ypsis
1%
Nie znaleziono quizów pasujących do podanych kryteriów
Rozkład punktacji
Procent ludzi z każdym wynikiem
Percentyl według liczby udzielonych odpowiedzi
Twoja historia wyników
Nie rozwiązałeś tego quizu